Poznámky o kvalite elektronického vzdelávania

Projekty kvality elektronického vzdelávania: virtuálny on-line systém, sofianet, minimálny štandard kvality pre virtuálne firmy. Prínosy elektronického vzdelávania. Výučba e-learningovou formou prostredníctvom programu CNAP. Kvalita a efektívnosť e-learningu. Úrovne modelu vyhodnotenia efektivity a...

Descrizione completa

Salvato in:
Dettagli Bibliografici
Autore principale: Tóblová, Eva
Natura: Capitolo di libro
Lingua:slovacco
Soggetti:
Tags: Aggiungi Tag
Nessun Tag, puoi essere il primo ad aggiungerne!!

MARC

LEADER 00000naa$a2200000$$$4500
001 0051938
005 20231013113254.1
041 0 |a slo 
044 |a SK 
245 1 0 |a Poznámky o kvalite elektronického vzdelávania  |c Eva Tóblová 
520 |a Projekty kvality elektronického vzdelávania: virtuálny on-line systém, sofianet, minimálny štandard kvality pre virtuálne firmy. Prínosy elektronického vzdelávania. Výučba e-learningovou formou prostredníctvom programu CNAP. Kvalita a efektívnosť e-learningu. Úrovne modelu vyhodnotenia efektivity a kvality výučby. Zásady tvorby kvalitných materiálov pre e-learning. 
610 2 0 |a technológie informačné 
610 2 0 |a e-learning 
610 2 0 |a technológie komunikačné 
610 2 0 |a riadenie kvality 
610 2 0 |a vzdelávanie elektronické 
100 1 |a Tóblová, Eva